| 000 | 00638nam a22001937a 4500 | ||
|---|---|---|---|
| 005 | 20260506132843.0 | ||
| 008 | 260506b |||||||| |||| 00| 0 eng d | ||
| 020 |
_a9789041132239 _qhbk |
||
| 041 | _aeng | ||
| 082 | _a341.1 SAS | ||
| 100 | _aSasson, Monique | ||
| 110 | _aInternatinal Arbitration Law Library | ||
| 245 |
_aSubstantive Law in Investment Treaty Arbitration: _bThe Unsettled Relationship Between International and Municipal Law _c/Monique Sasson |
||
| 260 |
_aThe Netherlands _bKluwer Law International _c2010 |
||
| 300 |
_axxxii, 264p. : _c26cm. |
||
| 504 | _aindex | ||
| 650 | _aLaw of nations | ||
| 942 | _cENGLISH | ||
| 999 |
_c622661 _d622661 |
||